OPAC Home

වඩා හොඳ සෞඛ්‍ය තත්වයක් සඳහා දුමි රහිත උදුන (Record no. 140873)

MARC details
000 -LEADER
fixed length control field 00550nam a2200169Ia 4500
003 - CONTROL NUMBER IDENTIFIER
control field LK-CoDNM
008 - FIXED-LENGTH DATA ELEMENTS--GENERAL INFORMATION
fixed length control field 010623t xxu||||| |||| 00| 1 sin d
040 ## - CATALOGING SOURCE
Original cataloging agency LK-CoDNM
Modifying agency LK-CoDNM
Description conventions LK-CoDNM
041 ## - LANGUAGE CODE
Language code of text/sound track or separate title Sinhala; Sinhalese
080 ## - UNIVERSAL DECIMAL CLASSIFICATION NUMBER
Universal Decimal Classification number 641
Item number EKS
942 ## - ADDED ENTRY ELEMENTS (KOHA)
Koha item type Books
245 ## - TITLE STATEMENT
Title වඩා හොඳ සෞඛ්‍ය තත්වයක් සඳහා දුමි රහිත උදුන
246 ## - VARYING FORM OF TITLE
Title proper/short title Vada hoda saukya thathvayak sadahaa dum rahitha udun
260 ## - PUBLICATION, DISTRIBUTION, ETC. (IMPRINT)
Name of publisher, distributor, etc. Eksath jathiingee lama aramudala
Place of publication, distribution, etc. Colombo
300 ## - PHYSICAL DESCRIPTION
Other physical details 12, 22 cm
650 ## - SUBJECT ADDED ENTRY--TOPICAL TERM
Topical term or geographic name as entry element Home Economics
Holdings
Withdrawn status Lost status Damaged status Not for loan Collection code Permanent Location Current Location Date acquired Full call number Barcode Koha item type
        Monographs Library National Museum Colombo - Sri Lanka Library National Museum Colombo - Sri Lanka 2023-08-02 641 EKS 2000-P24424-354 Books
Copyright © 2023 Department of National Museum, Colombo 07, Sri Lanka Funded by UNESCO IFAP UNESCO